| 000 | 01446cas a2200325 a 4500 | ||
|---|---|---|---|
| 999 |
_c5778 _d5778 |
||
| 005 | 20200121063958.0 | ||
| 008 | 990823c199u9999ck ar s f0 0spa d | ||
| 040 |
_aCUY _cCUY _dIXA _dDLC _dCO-BoIAVH |
||
| 041 | _aspa | ||
| 042 | _alcd | ||
| 043 | _as-ck--- | ||
| 082 | 0 | 4 |
_a318.61 _bM66a1999 |
| 110 | _aMinisterio de agricultura | ||
| 245 | 0 | 0 |
_aAnuario estadístico del sector agropecuario 1999 - 2000 _cMinisterio de Agricultura y Desarrollo Rural. |
| 246 | 1 | 4 | _aAnuario estadístico del sector agropecuario y pesquero 1999 - 2000 |
| 260 |
_aSantafé de Bogotá, D.C. _bMinisterio de Agricultura y Desarrollo Rural _c2001 |
||
| 300 |
_a209 páginas _bContiene tablas, gráficas, ilustraciones y mapas _c27.4 x 21.5 cm. |
||
| 500 | _aDescription based on: 1993/1994. | ||
| 500 | _aLatest issue consulted: 1997. | ||
| 550 | _aIssued by: Oficina de Información y Estadística, <1997-> | ||
| 650 | 0 |
_aAgricultura _xAspectos economicos _zColombia |
|
| 650 | 0 | _aEstadísticas agrícolas | |
| 650 | 0 | _aSector agropecuario | |
| 650 | 0 |
_aAnuario _xEstadístico |
|
| 710 | 1 |
_aColombia. _bMinisterio de Agricultura y Desarrollo Rural. |
|
| 710 | 1 |
_aColombia. _bMinisterio de Agricultura y Desarrollo Rural. _bOficina de Información y Estadística. |
|
| 780 | 0 | 0 |
_tAnuario, estadísticas del sector agropecuario _w(DLC) 90661739 _w(OCoLC)22753369 |
| 942 |
_2ddc _cLIBRO |
||